| 000 | 00351nam a22001457a 4500 | ||
|---|---|---|---|
| 003 | macl | ||
| 005 | 20190410154631.0 | ||
| 008 | 190410b xxu||||| |||| 00| 0 eng d | ||
| 040 | _cmacl | ||
| 100 |
_aPandey, Rakesh Kumar _967036 |
||
| 245 | _aMulk Raj Anand | ||
| 260 |
_aNew delhi _bRaj Pub _c2016 |
||
| 650 |
_aBiography _974229 |
||
| 942 |
_2ddc _cBK |
||
| 999 |
_c59328 _d59328 |
||